Normal view
MARC view
Entry Personal Name
001 - CONTROL NUMBER
- control field: 94040
003 - CONTROL NUMBER IDENTIFIER
- control field: NUST
005 - DATE AND TIME OF LATEST TRANSACTION
- control field: 20220720124158.0
008 - FIXED-LENGTH DATA ELEMENTS
- fixed length control field: 220720|| aca||aabn | a|a d
040 ## - CATALOGING SOURCE
- Original cataloging agency: NUST
- Transcribing agency: NUST
100 ## - HEADING--PERSONAL NAME
- Dates associated with a name: Manuel Wimmer
- Fuller form of name: Marco Brambilla
670 ## - SOURCE DATA FOUND
- Source citation: Work cat.: (NUST)590391: Manuel Wimmer Jordi Cabot Marco Brambilla, Model driven software engineering in practice , 2017
